LEADER 00816nam0-22002891i-450- 001 990006341330403321 005 19980601 035 $a000634133 035 $aFED01000634133 035 $a(Aleph)000634133FED01 035 $a000634133 100 $a19980601d1923----km-y0itay50------ba 105 $a--------00-yy 200 1 $a<>Borsa$el'ambiente$ele operazioni$ela teoria$ela regolamentazione$fAlfonso de Pietri Tonelli. 210 $aMilano$cHoepli$d1923 215 $aXI,, 217 p.$d24 cm 225 1 $aManuali Hoepli 676 $a322.1 700 1$aDe Pietri-Tonelli,$bAlfonso$f<1883-1952>$0238649 801 0$aIT$bUNINA$gRICA$2UNIMARC 901 $aBK 912 $a990006341330403321 952 $aXV M 426$b26854$fFGBC 959 $aFGBC 996 $aBorsa$9427550 997 $aUNINA DB $aGIU01 LEADER 00782nam0-22002891i-450- 001 990003017850403321 010 $a0-17-761034-4 035 $a000301785 035 $aFED01000301785 035 $a(Aleph)000301785FED01 035 $a000301785 100 $a20000920d1973----km-y0itay50------ba 101 0 $aita 102 $aIT 200 1 $aBayesian Statistics for Social Scientists$fLawrence D. Phillips. 210 $aLondon$cNelson$d1973. 215 $aX, 373 + 71 p.$d24 cm 676 $a11320 702 1$aPhillips,$bLawrence D. 801 0$aIT$bUNINA$gRICA$2UNIMARC 901 $aBK 912 $a990003017850403321 952 $a11320 PHI$b5969/I$fSES 959 $aSES 996 $aBayesian Statistics for Social Scientists$9467619 997 $aUNINA DB $aING01 LEADER 01184nam--2200361---450- 001 990005911800203316 005 20131127102521.0 010 $a978-88-204-4964-3 035 $a000591180 035 $aUSA01000591180 035 $a(ALEPH)000591180USA01 035 $a000591180 100 $a20131127d2013----km-y0itay50------ba 101 0 $aita 102 $aIT 105 $aa---||||001yy 200 1 $aMetodologie applicate per la misurazione della povertà urbana$fLuca Di Censi$gpresentazione di FIO.psd-Federazione italiana organismi per le persone senza dimora 210 $aMilano$cAngeli$d2013 215 $a124 p.$cill.$d23 cm 225 2 $aSociologia$v740 410 0$12001$aSociologia$v740 606 0 $aPersone senza fissa dimora$yItalia$2BNCF 676 $a305.5680945 700 1$aDI CENSI,$bLuca$0522781 801 0$aIT$bsalbc$gISBD 912 $a990005911800203316 951 $aII.5. 7668$b243203 L.M.$cII.5.$d00344883 959 $aBK 969 $aUMA 979 $aPASSARO$b90$c20131127$lUSA01$h1023 979 $aPASSARO$b90$c20131127$lUSA01$h1025 996 $aMetodologie applicate per la misurazione della povertà urbana$9825537 997 $aUNISA